Critical issues in tourism : a geographical perspective
Αποθηκεύτηκε σε:
| Κύριος συγγραφέας: | |
|---|---|
| Άλλοι συγγραφείς: | |
| Μορφή: | Βιβλίο |
| Γλώσσα: | English |
| Δημοσίευση: |
Oxford, UK : Malben, Mass :
Blackwell Publishers,
2002
|
| Έκδοση: | 2nd ed. |
| Θέματα: | |
| Ετικέτες: |
Προσθήκη ετικέτας
Δεν υπάρχουν, Καταχωρήστε ετικέτα πρώτοι!
|
MARC
| LEADER | 00000nam a2200000 i 4500 | ||
|---|---|---|---|
| 001 | 1/31555 | ||
| 008 | 030129s2002 eng d | ||
| 020 | |a 0-631-22414-9 | ||
| 035 | |l 10069178 | ||
| 040 | |a GR-MY-UA |b gre |e aacr | ||
| 041 | 0 | |a eng | |
| 082 | 0 | |a 338.4791 |2 (21) | |
| 100 | 1 | |a Shaw, Gareth. | |
| 245 | 1 | 0 | |a Critical issues in tourism : |b a geographical perspective / |c Gareth Shaw and Allan M. Williams |
| 250 | |a 2nd ed. | ||
| 260 | |a Oxford, UK : |a Malben, Mass : |b Blackwell Publishers, |c 2002 | ||
| 300 | |a xvii, 371 σ.; |b εικ., χάρτες; |c 24 εκ. | ||
| 504 | |a Περιέχει βιβλιογραφικές παραπομπές (σ. [330]-366) και ευρετήριο | ||
| 650 | 0 | 0 | |a Tourism. |
| 700 | 1 | |a Williams, Allan M. | |
| 852 | |a INST |b CHIOS |e 20080414 |h 338.4791 SHA |p 005200027406 |q 005200027406 |t BK |y 0 | ||
| 852 | |a INST |b LESVOS |e 20030129 |h 338.4791 SHA |p 005100028313 |q 005100028313 |t BK |y 0 | ||
| 901 | |a BIBL1-2003-2 | ||
| 901 | |a BIBL2-2008-1 | ||
| 909 | |a Λ |b 103099 | ||
| 909 | |a X |b 151870 | ||
| 922 | |a 1ΕΛΗ |b 200212 |c 2ΚΠΣ/118 |d ΠΑΠΑΣΩΤΗΡΊΟΥ & ΕΛΕΥΘΕΡΟΥΔΑΚΗΣ | ||
| 922 | |a 2ΕΛΗ |b 200803 |c ΕΠΕΑΕΚ2/ΤΔΕ |d ΕΛΕΥΘΕΡΟΥΔΑΚΗΣ | ||
| 950 | |a 118-2002-10-05 | ||
| 970 | |a ΜΑΡΙΝΑΤΟΥ |b ΜΥΡΣΙΝΗ |z 2003/07/22 | ||